[Event "POL-ch Girls U20"]
[Site "Konin"]
[Date "1990.??.??"]
[Round "9"]
[White "Pondo, A."]
[Black "Lukasiewicz, Anna"]
[Result "0-1"]
[WhiteElo "1975"]
[BlackElo "2065"]

1.d4 Nf6 2.c4 g6 3.Nc3 Bg7 4.e4 d6 5.Nf3 O-O 6.Be2 e5 7.dxe5 dxe5 8.Qxd8 Rxd8
9.Bg5 c6 10.O-O Re8 11.b4 a5 12.b5 Nfd7 13.Be3 Nf8 14.Na4 Nbd7 15.b6 Ne6
16.c5 Nf6 17.Nd2 Nf4 18.Bd1 Be6 19.Nb2 Red8 20.f3 Nd3 21.Na4 Nd7 22.Bb3 Bxb3
23.Nxb3 Nb4 24.Rf2 Nf8 25.a3 Rd3 26.Rb2 Rxe3 27.axb4 axb4 28.Kf2 Bh6 29.Raa2 Kg7
30.Rb1 Ne6 31.Nc3 bxc3 32.Rxa8 c2 33.Rc1 Rxb3 34.Rxc2 Rb5 35.Rb8 Rxc5 36.Rxc5 Nxc5
37.Ke2 Bg5 38.Kd1 Be7 39.Re8 Kf6 40.g4 Ke6  0-1

[Event "Kuala Lumpur Interzonal (Women)"]
[Site "Kuala Lumpur"]
[Date "1990.??.??"]
[Round "12"]
[White "Zayac, Elena"]
[Black "Sziva, Erika"]
[Result "1/2-1/2"]
[WhiteElo "2305"]
[BlackElo "2250"]

1.d4 Nf6 2.c4 g6 3.Nc3 Bg7 4.e4 d6 5.Be2 O-O 6.Nf3 e5 7.d5 a5 8.g3 Na6 9.Nh4 Nc5
10.Qc2 Kh8 11.O-O Bd7 12.Be3 b6 13.f3 Nh5 14.Ng2 f5 15.exf5 Bxf5 16.Qd2 Nf6
17.Bh6 Qe7 18.Bxg7+ Qxg7 19.Ne3 Bd7 20.Bd1 Rae8 21.Bc2 Rf7 22.Rae1 Ref8 23.Ng2 Nh5
24.Qe3 g5 25.Ne4 Nxe4 26.Bxe4 Bh3 27.Rf2 Nf6 28.Qe2 g4 29.Ref1 gxf3 30.Bxf3 Nd7
31.Bh5 Rxf2 32.Rxf2 Rxf2 33.Qxf2 Bxg2 34.Kxg2 Nf6 35.Bd1 Qh6 36.h4 Kg7 37.Qe2 Qc1
38.Qc2 Qe3 39.Qe2 Qc1 40.Qc2 Qe3 41.Qe2  1/2-1/2

[Event "Kuala Lumpur Interzonal (Women)"]
[Site "Kuala Lumpur"]
[Date "1990.??.??"]
[Round "17"]
[White "Maric, Alisa"]
[Black "Makropoulou, Marina"]
[Result "1-0"]
[WhiteElo "2305"]
[BlackElo "2230"]

1.d4 Nf6 2.c4 g6 3.Nc3 Bg7 4.e4 d6 5.Nf3 O-O 6.Be2 e5 7.O-O Nbd7 8.Qc2 c6
9.d5 a5 10.b3 cxd5 11.cxd5 Nc5 12.Be3 b6 13.Nd2 Ng4 14.Bxg4 Bxg4 15.a3 Rc8
16.b4 Na6 17.Qb3 Bd7 18.Na4 f5 19.f3 Bxa4 20.Qxa4 Rc3 21.Rfe1 Nb8 22.Rac1 Qc7
23.Nf1 fxe4 24.fxe4 Qc4 25.Rxc3 Qxc3 26.Rc1 Qd3 27.bxa5 bxa5 28.h3 h6 29.Qxa5 Qxe4
30.Qd2 Kh7 31.Rc7 Rg8 32.Bxh6 Na6 33.Bxg7 Rxg7 34.Rxg7+ Kxg7 35.Qe3 Qxe3+
36.Nxe3 Nc5 37.Kf2 Kf6 38.Nc4 Ke7 39.Ke3 Nb3 40.a4 Kd7 41.h4 Kc7 42.g4 Nd4
43.h5 gxh5 44.gxh5 Nf5+ 45.Kf3 Nh6 46.Ke4 Kd7 47.a5 Ng8 48.Kf5 Ne7+ 49.Kg5 e4
50.h6  1-0

[Event "RSFSR-ch"]
[Site "Kuibishev"]
[Date "1990.??.??"]
[Round "?"]
[White "Tunik, Gennady"]
[Black "Isupov, Vladimir"]
[Result "1-0"]
[WhiteElo "2475"]
[BlackElo "2315"]

1.d4 Nf6 2.c4 g6 3.Nc3 Bg7 4.e4 d6 5.Nf3 O-O 6.Be2 e5 7.Be3 c6 8.d5 Ng4 9.Bg5 f6
10.Bc1 c5 11.h3 Nh6 12.g4 Nf7 13.Rg1 Bh6 14.Bxh6 Nxh6 15.Qd2 Kg7 16.Rg3 Qa5
17.g5 fxg5 18.Nxg5 Rf6 19.h4 Na6 20.h5 Nc7 21.O-O-O Bd7 22.Nxh7 Kxh7 23.Rxg6 Rf4
24.Qe3 Rg8 25.Qg3 Ng4 26.Rxg8 Kxg8 27.f3 Ne8 28.fxg4 Nf6 29.Rf1 Nxe4 30.Nxe4 Rxe4
31.Qd3 Rf4 32.Rxf4 exf4 33.Qg6+ Kh8 34.Bd3 Qe1+ 35.Kc2 Qe7 36.Qh6+ Kg8 37.Qxf4 Qh4
38.h6 Bxg4 39.h7+ Kg7 40.h8=Q+  1-0

[Event "RSFSR-ch"]
[Site "Kuibishev"]
[Date "1990.??.??"]
[Round "?"]
[White "Sherbakov, Ruslan"]
[Black "Tunik, Gennady"]
[Result "1-0"]
[WhiteElo "2425"]
[BlackElo "2475"]

1.d4 Nf6 2.c4 g6 3.Nc3 Bg7 4.e4 d6 5.Be2 O-O 6.Nf3 e5 7.O-O Na6 8.Re1 c6
9.Bf1 Bg4 10.Be3 Nh5 11.d5 c5 12.h3 Bd7 13.g3 Nf6 14.a3 Ne8 15.Nd2 b6 16.Rc1 Rb8
17.Kh2 Rb7 18.Bg2 Nec7 19.b3 b5 20.cxb5 Nxb5 21.Nxb5 Bxb5 22.Nc4 h5 23.Bd2 Bxc4
24.Rxc4 Kh7 25.Re2 Bh6 26.Be1 h4 27.Rb2 hxg3+ 28.fxg3 Nb8 29.Rc3 Nd7 30.Rf2 Nf6
31.Qc2 Nh5 32.Rcf3 Ng7 33.b4 cxb4 34.Bxb4 Rc7 35.Qe2 Rd7 36.Qa6 f5 37.Bf1 Rf6
38.Qa4 Rdf7 39.Qc2 fxe4 40.Qxe4 Rxf3 41.Rxf3 Rxf3 42.Qxf3 a5 43.Bc3 a4 44.h4 Nf5
45.Bd3 Qf6 46.h5 Kg7 47.hxg6 Ne3 48.Qxf6+ Kxf6 49.Bb4 Ke7 50.Be4 Ng4+ 51.Kg2 Nf6
52.Kf3 Bf8 53.Bc2 Nxd5 54.Ba5 Kf6 55.Bxa4 Kxg6 56.Bb3 Ne7 57.Bc7 Nf5 58.Ke4 Nxg3+
59.Kd5 e4 60.a4 e3 61.Bc4 e2 62.Bxe2 Nxe2 63.a5 Bh6 64.Bb6 Nf4+ 65.Kd4 Ne2+
66.Kc4 d5+ 67.Kxd5 Nc3+ 68.Kc6 Na2 69.Bc5  1-0

[Event "RSFSR-ch"]
[Site "Kuibishev"]
[Date "1990.??.??"]
[Round "?"]
[White "Tunik, Gennady"]
[Black "Doroshkievich, Vladimir K"]
[Result "1/2-1/2"]
[WhiteElo "2475"]
[BlackElo "2360"]

1.d4 Nf6 2.c4 g6 3.Nc3 Bg7 4.e4 d6 5.Nf3 O-O 6.Be2 e5 7.d5 Na6 8.Bg5 h6 9.Bh4 g5
10.Bg3 Nh5 11.h4 g4 12.Nh2 Nxg3 13.fxg3 h5 14.O-O f6 15.Bd3 Bh6 16.Qe2 c5
17.Rf2 Nc7 18.Nf1 Bd7 19.Ne3 Bxe3 20.Qxe3 Kg7 21.a3 Rf7 22.Qd2 Rc8 23.Nd1 Qh8
24.Ne3 Qh6 25.Re1 b6 26.Qd1 Kg6 27.Bc2 b5 28.cxb5 Nxb5 29.Ba4 Rc7 30.Nf5 Qf8
31.Bxb5 Bxb5 32.Qd2 Bd7 33.Ref1 Bxf5 34.Rxf5 Qh8 35.R1f2 Kg7 36.Kh2 Kg6 37.Qe3 Rb7
38.b4 cxb4 39.axb4 Qg7 40.Qa3 Rb6 41.Qc3 Qf8 42.Qc1 Qd8 43.Qc4 Rbb7 44.b5 Rbc7
45.Qe2 Rf8 46.Rf1 Rc5 47.Ra1 Qb8 48.Ra5 Qb6 49.Ra6 Qxb5 50.Qxb5 Rxb5 51.Rxd6 Rb6
52.Rd7 Rb4 53.Rd6 Rb6 54.Rd7 Rc8 55.Rf1 Rc4 56.Rxa7 Rxe4 57.Rd1 Rd6 58.Ra3 Re2
59.Rc3 Kf5 60.Rf1+ Kg6 61.Rc8 Rd2 62.Rg8+ Kh7 63.Re8 R2xd5 64.Re7+ Kg6 65.Kg1 Rd3
66.Kh2 Rd2 67.Kg1 Re2 68.Kh2 Ra2 69.Kh1 Rb2 70.Kh2 Re2 71.Kh1 Rc2 72.Kh2 Rc3
73.Rf2 Ra3 74.Rf1 Re3 75.Re8 Re2 76.Re7 Rdd2 77.Kh1 Ra2 78.Re6 Rf2 79.Rxf2 Rxf2
80.Re7 Rf1+ 81.Kh2 Re1 82.Rg7+ Kf5 83.Rh7 Ke4 84.Rxh5 Kd3 85.Rh8 e4 86.h5 Ra1
87.Rd8+ Ke2 88.h6 Ra5 89.Kg1 Rh5 90.Re8 Ke3 91.Rh8 f5 92.Rh7 Ke2 93.Re7 e3
94.h7 Rh6 95.Ra7 Ke1 96.Ra1+ Kd2 97.Ra2+ Kd1 98.Ra1+ Kc2 99.Ra2+ Kc3 100.Ra3+ Kd4
101.Ra4+ Ke5 102.Ra5+ Ke4 103.Ra4+ Kd3 104.Ra3+ Ke2 105.Ra2+ Ke1 106.Ra1+ Ke2
107.Ra2+ Kd3 108.Ra3+ Ke2 109.Ra2+ Ke1  1/2-1/2

[Event "Kusadasi op"]
[Site "Kusadasi"]
[Date "1990.??.??"]
[Round "7"]
[White "Wegner, Hannu"]
[Black "Tseitlin, Mikhail S"]
[Result "1-0"]
[WhiteElo "2385"]
[BlackElo "2465"]

1.d4 d6 2.c4 Nf6 3.Nc3 g6 4.e4 Bg7 5.Nf3 O-O 6.Be2 Nbd7 7.O-O e5 8.Qc2 c6
9.Rd1 Qe7 10.d5 a5 11.b3 Ne8 12.Ne1 f5 13.Nd3 c5 14.Rb1 Ndf6 15.f3 f4 16.a3 g5
17.Nf2 h5 18.h3 Bh6 19.Rd3 Qg7 20.Qd1 Kh8 21.b4 axb4 22.axb4 b6 23.Na4 Nd7
24.Ra3 Nc7 25.Nxb6 Nxb6 26.bxc5 Nd7 27.cxd6 Na6 28.Nd3 g4 29.fxg4 Rg8 30.c5 hxg4
31.hxg4 Ndxc5 32.Nxc5 Nxc5 33.Rxa8 Nxe4 34.Rbb8 Nxd6 35.Ba3 f3 36.gxf3  1-0

[Event "Leningrad it"]
[Site "Leningrad"]
[Date "1990.??.??"]
[Round "?"]
[White "Zdrojewski, Wojciech"]
[Black "Poldauf, Dirk"]
[Result "0-1"]
[WhiteElo "2265"]
[BlackElo "2370"]

1.d4 Nf6 2.c4 g6 3.Nc3 Bg7 4.e4 d6 5.Be2 O-O 6.Nf3 e5 7.d5 Nbd7 8.Bg5 h6
9.Bh4 g5 10.Bg3 Nh5 11.h4 g4 12.Nh2 Nxg3 13.fxg3 h5 14.O-O Bh6 15.Bxg4 hxg4
16.Qxg4+ Bg7 17.Rf2 Nf6 18.Qf3 Qd7 19.Raf1 Ng4 20.Nxg4 Qxg4 21.Nb5 Qxf3 22.gxf3 Bd7
23.Nxc7 Rac8 24.Nb5 Bxb5 25.cxb5 Bh6  0-1

[Event "Leningrad it"]
[Site "Leningrad"]
[Date "1990.??.??"]
[Round "?"]
[White "Cherepkov, Alexander V"]
[Black "Poldauf, Dirk"]
[Result "1/2-1/2"]
[WhiteElo "2430"]
[BlackElo "2370"]

1.d4 Nf6 2.c4 g6 3.Nc3 Bg7 4.e4 d6 5.Be2 O-O 6.Nf3 e5 7.O-O Na6 8.Be3 Ng4
9.Bg5 Qe8 10.dxe5 h6 11.Bh4 dxe5 12.Nd5 c6 13.Ne7+ Kh7 14.Nxc8 Rxc8 15.Qd6 c5
16.Rfd1 h5 17.h3 Nh6 18.Be7 Rc6 19.Qd7 Rc7 20.Qxe8 Rxe8 21.Bd8  1/2-1/2

[Event "Lenk op"]
[Site "Lenk"]
[Date "1990.??.??"]
[Round "?"]
[White "Mueller, Leonhard"]
[Black "Weindl, Alfred"]
[Result "0-1"]
[WhiteElo "2210"]
[BlackElo "2365"]

1.d4 Nf6 2.c4 g6 3.Nc3 Bg7 4.e4 d6 5.Nf3 O-O 6.Be2 e5 7.O-O Na6 8.Rb1 exd4
9.Nxd4 Re8 10.f3 c6 11.Kh1 Nh5 12.Be3 f5 13.Qd2 f4 14.Bf2 Be5 15.Rfd1 Nc7
16.b4 Ne6 17.Nxe6 Bxe6 18.Bd4 Qh4 19.Bxe5 dxe5 20.Kg1 Rad8 21.Qe1 Qxe1+ 22.Rxe1 Rd4
23.c5 b5 24.cxb6 axb6 25.a4 Ra8 26.Red1 Ng7 27.Kf2 Kf7 28.Rb2 Ne8 29.Ra1 Nd6
30.a5 Nc4 31.Bxc4 Bxc4 32.Ne2 Rd7 33.Ke1 Ke7 34.Rc1 b5 35.Rd2 c5 36.bxc5 Rxd2
37.Kxd2 Rxa5 38.Nc3 Kd7 39.Nd5 Kc6 40.Nf6 Kxc5 41.Nxh7 Kd4 42.Nf8 b4 43.Rc2 b3
44.Rb2 Ra2  0-1

[Event "Leon"]
[Site "Leon"]
[Date "1990.??.??"]
[Round "4"]
[White "Garcia Palermo, Carlos"]
[Black "Magem Badals, Jorge"]
[Result "1/2-1/2"]
[WhiteElo "2460"]
[BlackElo "2460"]

1.c4 Nf6 2.Nc3 g6 3.Nf3 Bg7 4.e4 d6 5.d4 O-O 6.Be2 e5 7.O-O Na6 8.Re1 c6
9.Bf1 Qe7 10.Rb1 Bg4 11.d5 Nb4 12.Be2 a5 13.a3 Na6 14.Nd2 Bd7 15.Bf1 c5 16.Nb3 b6
17.Bg5 h6 18.Bh4 Rfe8 19.Nc1 Qf8 20.Be2 Nh7 21.Nd3 h5 22.f3 Bh6 23.Bf2 f5
24.b4 axb4 25.axb4 Nf6 26.Bf1 g5 27.bxc5 bxc5 28.Rb6 Reb8 29.Rxb8 Rxb8 30.Nb5 fxe4
31.fxe4 Ng4 32.Bg3 h4 33.h3 hxg3 34.hxg4 Bxb5 35.cxb5 Nc7 36.Re3 Nxb5 37.Rxg3 Nd4
38.Ne1 Qf6 39.Nf3 Rf8 40.Rh3 Bg7 41.Qd3 Qf4 42.Be2 c4 43.Qxc4 Qe3+ 44.Kf1 Ra8
45.Bd1 Qxe4 46.Nxd4 exd4 47.Qe2 Qxe2+ 48.Bxe2 Be5 49.Rf3 Ra1+ 50.Kf2 Bf4
51.Bd3 Ra2+ 52.Kf1 Kg7 53.g3 Be5 54.Be4 Rd2 55.Ke1 Ra2 56.Kf1 Bf6 57.Rb3 Be5
58.Rf3 Rb2 59.Ke1 Rh2 60.Kf1 Rb2 61.Rf2 Rb7 62.Rf3 Ra7 63.Rb3 Ra2 64.Bf5 Kf6
65.Be6 Ke7 66.Rb7+ Kd8 67.Rb8+ Kc7 68.Rb3  1/2-1/2

[Event "Leon"]
[Site "Leon"]
[Date "1990.??.??"]
[Round "7"]
[White "Franco Ocampo, Zenon"]
[Black "Bass, Leonid"]
[Result "1/2-1/2"]
[WhiteElo "2475"]
[BlackElo "2485"]

1.c4 g6 2.Nf3 Bg7 3.e4 d6 4.d4 Nf6 5.Nc3 O-O 6.Be2 e5 7.d5 a5 8.O-O Na6 9.Bg5 h6
10.Bh4 Qe8 11.Ne1 g5 12.Bg3 Nxe4 13.Nxe4 f5 14.Bh5 Qe7 15.f3 fxe4 16.fxe4 Rxf1+
17.Kxf1 Nc5 18.Qe2 g4 19.Bxg4 Bxg4 20.Qxg4 Qg5 21.Qxg5 hxg5 22.Bf2 Nxe4 23.Be3 Kh7
24.g4 Kg6 25.Nf3 a4 26.Re1 c6 27.h4 gxh4 28.Nxh4+ Kh7 29.g5 cxd5 30.cxd5 a3
31.Rb1 b5 32.Kg2 axb2 33.Rxb2 Nc3 34.g6+ Kg8 35.Nf5 Rxa2 36.Rxa2 Nxa2 37.Nxd6 Nc3
38.Bd2 b4 39.Kf3 Nxd5 40.Ke4 b3 41.Nc4 Ne7 42.Bc3 Nxg6 43.Nd2 Ne7 44.Nxb3  1/2-1/2

[Event "Leon"]
[Site "Leon"]
[Date "1990.??.??"]
[Round "8"]
[White "Illescas Cordoba, Miguel"]
[Black "Sion Castro, Marcelino"]
[Result "1-0"]
[WhiteElo "2530"]
[BlackElo "2365"]

1.c4 Nf6 2.Nc3 g6 3.e4 d6 4.d4 Bg7 5.Nf3 O-O 6.Be2 e5 7.O-O Qe8 8.dxe5 dxe5
9.Nd5 Na6 10.Bg5 Nxe4 11.Be7 c6 12.Bxf8 Qxf8 13.Ne3 Nac5 14.Nd2 a5 15.Nxe4 Nxe4
16.Qc2 Nc5 17.Kh1 Qe7 18.Rad1 Ne6 19.Qd2 Nd4 20.Nc2 Nxe2 21.Qxe2 Be6 22.b3 h5
23.a4 Rb8 24.Qd2 Qc5 25.Ne1 Qb6 26.Qc2 Bg4 27.f3 Bf5 28.Nd3 Re8 29.Qa2 e4
30.fxe4 Rxe4 31.Qf2 Bd4 32.Qg3 Qxb3 33.Rb1 Qc2 34.Rbc1 Qd2 35.Rxf5 Rg4 36.Qb8+ Kg7
37.Rxf7+ Kxf7 38.Rf1+ Bf6 39.Ne5+ Kg7 40.Qxb7+  1-0

[Event "Leon"]
[Site "Leon"]
[Date "1990.??.??"]
[Round "8"]
[White "Bass, Leonid"]
[Black "Romero Holmes, Alfonso"]
[Result "1/2-1/2"]
[WhiteElo "2485"]
[BlackElo "2460"]

1.d4 Nf6 2.c4 g6 3.Nc3 Bg7 4.e4 d6 5.Nf3 O-O 6.Be2 e5 7.O-O Nbd7 8.Re1 c6
9.Bf1 a6 10.d5 c5 11.a3 Ne8 12.b4 b6 13.Qc2 f5 14.Ng5 Ndf6 15.Rb1 f4 16.Na4 Bh6
17.Ne6 Bxe6 18.dxe6 Ng7 19.e7 Qxe7 20.Nxb6 Ra7 21.bxc5 dxc5 22.Nd5 Qd8 23.Qb2 Nd7
24.Be2 Qh4 25.Qc3 Ne6 26.Qh3 Qxh3 27.gxh3 Nd4  1/2-1/2

[Event "Liechtenstein op"]
[Site "Liechtenstein"]
[Date "1990.??.??"]
[Round "?"]
[White "Zueger, Beat"]
[Black "Werner, Marc"]
[Result "1-0"]
[WhiteElo "2415"]
[BlackElo "2370"]

1.d4 g6 2.c4 Bg7 3.e4 d6 4.Nc3 Nf6 5.Nf3 O-O 6.Be2 e5 7.O-O Qe8 8.d5 Nh5
9.g3 f5 10.exf5 Bxf5 11.Be3 Nf6 12.Nd2 Na6 13.a3 h6 14.b4 Qd7 15.c5 e4 16.c6 bxc6
17.dxc6 Qxc6 18.Qb3+ d5 19.b5 Qd6 20.bxa6 c5 21.Nb5 Qe7 22.Rac1 Rac8 23.a4 Rfd8
24.Qa3 Bf8 25.Nb3 d4 26.N3xd4 cxd4 27.Qxe7 Bxe7 28.Bxd4 Kf7 29.Bxa7 Rxc1
30.Rxc1  1-0

[Event "Lincolnwood TOC"]
[Site "Lincolnwood"]
[Date "1990.??.??"]
[Round "6"]
[White "Pelts, Peter"]
[Black "Karklins, Andrew"]
[Result "1-0"]
[WhiteElo "2260"]
[BlackElo "2310"]

1.d4 Nf6 2.c4 g6 3.Nc3 Bg7 4.e4 d6 5.Be2 O-O 6.Nf3 e5 7.O-O Nh5 8.dxe5 dxe5
9.Be3 Nc6 10.Qxd8 Nxd8 11.Nb5 Ne6 12.Nxa7 Nef4 13.Rfe1 Nxe2+ 14.Rxe2 Be6
15.Rc2 c6 16.Ng5 Rfd8 17.Nxe6 fxe6 18.Bb6 Rd4 19.f3 Nf6 20.a4 Nd7 21.c5 Nb8
22.Kf2 Na6 23.Ke2 Bh6 24.Nb5 Nb4 25.Nxd4 exd4 26.Rc4 d3+ 27.Kd1 Nc2 28.Rxc2 dxc2+
29.Kxc2 Bf4 30.g3 Be5 31.Ra3 g5 32.b4 Kf7 33.Kd3 Ke7 34.Kc4 h5 35.b5 h4 36.bxc6 bxc6
37.gxh4 gxh4 38.h3 Rg8 39.a5 Kd7 40.a6 Kc8 41.Rd3 Re8 42.Rd8+ Rxd8 43.Bxd8 Bg3
44.Be7  1-0

[Event "Linz op"]
[Site "Linz"]
[Date "1990.??.??"]
[Round "?"]
[White "Cvetkovic, Srdjan"]
[Black "Kuzmin, Gennadi P"]
[Result "0-1"]
[WhiteElo "2435"]
[BlackElo "2495"]

1.c4 g6 2.e4 Bg7 3.d4 d6 4.Nc3 Nf6 5.Nf3 O-O 6.Be2 e5 7.dxe5 dxe5 8.Qxd8 Rxd8
9.Bg5 Nbd7 10.O-O-O Rf8 11.Nd5 c6 12.Ne7+ Kh8 13.Be3 Re8 14.Nxc8 Raxc8 15.c5 Bf8
16.b4 b6 17.Ng5 Kg8 18.Bc4 Re7 19.cxb6 axb6 20.f3 b5 21.Bb3 h6 22.Nh3 Ree8
23.Nf2 Bxb4 24.Bxh6 c5 25.Bd5 c4 26.Ng4 Nxg4 27.fxg4 Rc7 28.Rhf1 Nc5 29.Rf6 Nd3+
30.Kb1 Bf8 31.Bxf8 Kxf8 32.Rdf1 Ree7 33.Rxg6 c3 34.Bb3 Nc5 35.Bc2 Red7 36.Rgf6 Rd4
37.g5 Kg7 38.Rb6 b4 39.Rb5 Nxe4 40.Bxe4 Rxe4 41.Rf2 Re1+ 42.Kc2 Ra7 43.Kb3 Rb1+
44.Kc4 Rc7+ 45.Rc5 Rxc5+ 46.Kxc5 Rb2 47.Rf1 e4 48.Kd4 Rxa2 49.Kxe4 Rxg2 50.Kd3 Rxh2  0-1

[Event "Lloyds Bank op"]
[Site "London"]
[Date "1990.??.??"]
[Round "?"]
[White "Pein, Malcolm"]
[Black "Thomson, Craig S M"]
[Result "0-1"]
[WhiteElo "2420"]
[BlackElo "2335"]

1.Nf3 Nf6 2.c4 g6 3.Nc3 Bg7 4.d4 O-O 5.e4 d6 6.Be2 e5 7.d5 a5 8.Be3 Ng4 9.Bg5 f6
10.Bh4 Nd7 11.Nd2 Nh6 12.f3 c5 13.Qc2 Nf7 14.Bf2 Nh6 15.h4 f5 16.h5 f4 17.hxg6 hxg6
18.O-O-O Nf6 19.Rdg1 Nh5 20.Nf1 Nf7 21.Bd1 Ng5 22.Nb5 Bf6 23.Be1 Rf7 24.Nh2 Be7
25.Ng4 Bxg4 26.fxg4 Nf6 27.Rh6 Rg7 28.Rgh1 Nf7 29.R6h3 Rh7 30.Rxh7 Nxh7 31.g3 fxg3
32.Bxg3 Bg5+ 33.Kb1 Nf6 34.Qh2 Kg7 35.Bh4 Bxh4 36.Qxh4 g5 37.Qe1 Qe7 38.a3 b6
39.Qe3 Rh8 40.Rf1 Rh4 41.Rg1 Kg6 42.Qb3 Qd8 43.Nc3 Nh6 44.Na4 Nhxg4 45.Nxb6 Nxe4
46.Bc2 Nf6 47.Qb5 Kh6 48.Qa6 g4 49.Qb7 Ng5 50.Nc8 e4 51.Ne7 Qd7 52.Qxd7 Nxd7
53.Nf5+ Kh5 54.Ba4 Nf3 55.Rc1 Nf6 56.b4 axb4 57.axb4 cxb4 58.c5 dxc5 59.d6 Kg5
60.d7 Nxd7 61.Nxh4 Kxh4 62.Bxd7 e3 63.Rc2 Nd2+ 64.Kc1 c4 65.Kd1 g3 66.Ke2 b3
67.Rc1 b2 68.Rh1+ Kg5 69.Kxe3 b1=Q 70.Rxb1 Nxb1 71.Bc6 Kg4 72.Be4 Na3 73.Bc6 Kh3
74.Kd2 g2 75.Bxg2+ Kxg2  0-1

[Event "Luxembourg op"]
[Site "Luxembourg"]
[Date "1990.??.??"]
[Round "3"]
[White "Magerramov, Elmar"]
[Black "Watson, William N"]
[Result "0-1"]
[WhiteElo "2500"]
[BlackElo "2470"]

1.d4 Nf6 2.c4 g6 3.Nc3 Bg7 4.e4 d6 5.Be2 O-O 6.Nf3 e5 7.Be3 Ng4 8.Bg5 f6
9.Bh4 Nc6 10.d5 Ne7 11.Nd2 Nh6 12.f3 c6 13.Bf2 Nf7 14.b4 f5 15.Nb3 cxd5 16.cxd5 Bh6
17.a3 Kh8 18.Ra2 Ng8 19.Rc2 Nf6 20.Qd3 Nh5 21.g3 Ng5 22.exf5 Bxf5 23.Ne4 Nf6
24.Nbd2 Nh3 25.Be3 Bxe3 26.Qxe3 Nxd5 27.Qh6 Nf6 28.Bd3 Nxe4 29.Bxe4 Qg5 30.Qxg5 Nxg5
31.Bxf5 gxf5 32.f4 Rac8 33.Kd1 Rxc2 34.Kxc2 Rc8+ 35.Kd3 Ne6 36.fxe5 dxe5
37.Rf1 e4+ 38.Ke2 Rc3 39.Nb1 Nd4+ 40.Kd2 Rd3+ 41.Ke1 Rb3  0-1

[Event "Luxembourg op"]
[Site "Luxembourg"]
[Date "1990.??.??"]
[Round "7"]
[White "Magerramov, Elmar"]
[Black "Pytel, Krzysztof"]
[Result "1-0"]
[WhiteElo "2500"]
[BlackElo "2400"]

1.d4 Nf6 2.c4 g6 3.Nc3 Bg7 4.e4 d6 5.Be2 O-O 6.Nf3 e5 7.Be3 h6 8.O-O Ng4
9.Bc1 Nc6 10.d5 Ne7 11.Ne1 f5 12.exf5 gxf5 13.h3 Nf6 14.f4 Ng6 15.fxe5 dxe5
16.Bh5 Nh8 17.Nd3 Nxh5 18.Qxh5 Qe8 19.Qxe8 Rxe8 20.Nb5 Re7 21.c5 a6 22.d6 cxd6
23.cxd6 Rd7 24.Nc7 Rb8 25.Ne8 Nf7 26.Be3 Rxd6 27.Nxd6 Nxd6 28.Rac1 Be6 29.b3 Re8
30.Rfd1 Nb5 31.Nc5 f4 32.Nxe6 Rxe6 33.Rc8+ Kh7 34.Bc1 Nd4 35.Bb2 Nf5 36.Rd7 h5
37.Rf8 Nh4 38.Rff7 Rg6 39.Kf1 Kh6 40.Rxb7 Nxg2 41.Rxg7 Ne3+ 42.Ke2 Rxg7 43.Rxg7 Kxg7
44.Bxe5+ Kg6 45.Bxf4 Ng2 46.Bg3  1-0

[Event "Lyngby op"]
[Site "Lyngby"]
[Date "1990.??.??"]
[Round "1"]
[White "Fedder, Steen"]
[Black "Borge, Nikolaj"]
[Result "1-0"]
[WhiteElo "2400"]
[BlackElo "2330"]

1.d4 Nf6 2.c4 g6 3.Nc3 Bg7 4.e4 d6 5.Be2 O-O 6.Nf3 e5 7.d5 Na6 8.Bg5 h6 9.Bh4 g5
10.Bg3 Nh5 11.Nd2 Nf4 12.O-O Qf6 13.a3 Qg6 14.h3 f5 15.Bf3 h5 16.exf5 Bxf5
17.Bxf4 g4 18.Be3 gxf3 19.Nxf3 Bf6 20.Kh1 Rf7 21.Rg1 Rg7 22.Nd2 Kh8 23.f3 Rag8
24.Qe2 Qh7 25.Nde4 Bd8 26.b4 h4 27.Kh2 Rg6 28.c5 Qd7 29.c6 bxc6 30.Qxa6 cxd5
31.Nxd5 c6 32.Ndc3 d5 33.Qxa7 Bc7 34.Bb6 Qg7 35.Qxc7 Rxg2+ 36.Kh1 Bd7 37.f4 dxe4
38.Qxe5 Qxe5 39.fxe5 e3 40.Bxe3 Bxh3  1-0

[Event "Lyngby op"]
[Site "Lyngby"]
[Date "1990.??.??"]
[Round "2"]
[White "Van Wely, Loek"]
[Black "Berg, Klaus"]
[Result "1/2-1/2"]
[WhiteElo "2445"]
[BlackElo "2410"]

1.d4 Nf6 2.c4 g6 3.Nc3 Bg7 4.e4 d6 5.Nf3 O-O 6.Be2 e5 7.O-O Na6 8.Be3 Ng4
9.Bg5 f6 10.Bh4 g5 11.Bg3 Nh6 12.dxe5 dxe5 13.a3 c6 14.Qxd8 Rxd8 15.Rfd1 Be6
16.b4 Nc7 17.Ne1 Nf7 18.Nc2 Bf8 19.f3 Rxd1+ 20.Rxd1 a5 21.Rb1 axb4 22.axb4 Nd6
23.Ne3 Ra3 24.Be1 b5 25.Nc2 Ra8 26.c5 Nc4 27.Ra1 Rxa1 28.Nxa1 Na6 29.Nd1 Kf7
30.Nc2 h5 31.Nde3 Nxe3 32.Nxe3 Kg6 33.Kf2 h4 34.Bd3 Kf7 35.g3 hxg3+ 36.hxg3 Nc7
37.Bc2 Bh6 38.Ke2 g4 39.Bd2 gxf3+ 40.Kxf3 Na6 41.Bd1 Kg6 42.Ke2 Ba2 43.Bc3 Be6
44.Bd2  1/2-1/2

[Event "Lyon op"]
[Site "Lyon"]
[Date "1990.??.??"]
[Round "?"]
[White "Thorsteins, Karl"]
[Black "Sharif, Mershad"]
[Result "1-0"]
[WhiteElo "2455"]
[BlackElo "2420"]

1.d4 Nf6 2.c4 g6 3.Nc3 Bg7 4.e4 d6 5.Nf3 O-O 6.Be2 e5 7.Be3 Nbd7 8.O-O h6
9.dxe5 dxe5 10.Qc2 c6 11.b4 Qe7 12.c5 Nh7 13.Rad1 Ndf6 14.Qc1 h5 15.h3 Ne8
16.Bc4 Nc7 17.Bh6 Qf6 18.Rd6 Be6 19.Bxg7 Kxg7 20.Ne2 a5 21.a3 axb4 22.axb4 Ne8
23.Rd3 Nc7 24.Bxe6 Qxe6 25.Rd6 Qb3 26.Nxe5 Qxb4 27.Nd4 Nf6 28.Nf5+ Kg8 29.Qh6  1-0

[Event "Mar del Plata op"]
[Site "Mar del Plata"]
[Date "1990.??.??"]
[Round "?"]
[White "Servat, Roberto"]
[Black "Sorin, Ariel"]
[Result "0-1"]
[WhiteElo "2455"]
[BlackElo "2430"]

1.d4 Nf6 2.c4 g6 3.Nc3 Bg7 4.e4 d6 5.Nf3 O-O 6.Be2 Nbd7 7.O-O e5 8.Qc2 c6
9.d5 a5 10.Be3 Ng4 11.Bg5 f6 12.Bd2 f5 13.exf5 gxf5 14.Ng5 Ndf6 15.h3 Nh6
16.f4 e4 17.Nd1 Kh8 18.Ne3 Nhg8 19.Bc3 Ne7 20.Rad1 Qb6 21.Kh2 Qxe3  0-1

[Event "Maribor"]
[Site "Maribor"]
[Date "1990.??.??"]
[Round "7"]
[White "Timoshchenko, Gennadi A"]
[Black "Vombek, Dani"]
[Result "1-0"]
[WhiteElo "2495"]
[BlackElo "2315"]

1.d4 Nf6 2.c4 g6 3.Nc3 Bg7 4.e4 d6 5.Nf3 O-O 6.Be2 e5 7.Be3 exd4 8.Nxd4 Re8
9.Qd2 c6 10.f3 d5 11.exd5 cxd5 12.O-O Nc6 13.Rad1 Nxd4 14.Bxd4 dxc4 15.Bxc4 Qc7
16.Bb5 Rd8 17.Qf2 Be6 18.Bxa7 Rxd1 19.Rxd1 Bxa2 20.Bb6 Qe5 21.Bd4 Qd6 22.Bc5 Qe6
23.Re1 Qf5 24.g4 Qc8 25.g5 Nd7 26.Bd4 Bf8 27.Qe3 Ra5 28.Bxd7 Qxd7 29.Nxa2 Rxa2
30.Qe5 f6 31.Qxf6 Qg7 32.Qe6+ Qf7 33.Qe5 Qg7 34.Qxg7+ Bxg7 35.Bxg7 Kxg7 36.Re7+ Kg8
37.Rxb7 Ra5 38.h4 Ra4 39.b4 Ra2 40.b5 Rd2 41.b6 Rd4 42.Kf2 Rxh4 43.Rc7  1-0

[Event "Maribor"]
[Site "Maribor"]
[Date "1990.??.??"]
[Round "8"]
[White "Sokolov, Ivan"]
[Black "Cigan, Stefan"]
[Result "1-0"]
[WhiteElo "2550"]
[BlackElo "2395"]

1.d4 Nf6 2.Nf3 g6 3.c4 Bg7 4.Nc3 O-O 5.e4 d6 6.Be2 e5 7.Be3 Ng4 8.Bg5 f6
9.Bh4 g5 10.Bg3 Nh6 11.dxe5 fxe5 12.h4 g4 13.Nh2 Be6 14.Nd5 Qd7 15.Ne3 Qc6
16.Nhxg4 Qxe4 17.Bf3 Rxf3 18.Nxh6+ Bxh6 19.gxf3 Qc6 20.Rg1 Bg7 21.Bxe5 dxe5
22.Qd8+ Kf7 23.Rxg7+ Kxg7 24.Qe7+ Bf7 25.Nf5+ Kg8 26.Qg5+ Kf8 27.Qg7+ Ke8
28.Qxe5+ Kd8 29.Qe7+ Kc8 30.Qxf7  1-0

[Event "Maribor"]
[Site "Maribor"]
[Date "1990.??.??"]
[Round "9"]
[White "Supancic, Darko"]
[Black "Vombek, Dani"]
[Result "1-0"]
[WhiteElo "2355"]
[BlackElo "2315"]

1.d4 Nf6 2.Nf3 g6 3.c4 Bg7 4.Nc3 O-O 5.e4 d6 6.Be2 e5 7.O-O Nbd7 8.Re1 c6
9.Bf1 Re8 10.d5 c5 11.a3 h6 12.b4 b6 13.Rb1 Nh7 14.Bd3 cxb4 15.axb4 a5 16.bxa5 bxa5
17.Na4 Ba6 18.Ba3 Bf8 19.Nd2 Qc7 20.Qc2 Rec8 21.Rb2 Nhf6 22.Reb1 Qa7 23.h3 Kg7
24.c5 dxc5 25.Bxa6 Qxa6 26.Nc4 Rc7 27.Rb5 Qc8 28.Nab6 Nxb6 29.Nxb6 Qa6 30.Nxa8 Qxa8
31.Rb8 Qa7 32.Qc4 Nd7 33.R8b5 Qa8 34.Qa4 Ra7 35.Bb2 Bd6 36.Bc3 Bc7 37.R5b2 Nf6
38.f3 Qd8 39.Rb7 Rxb7 40.Rxb7 Nh5 41.Qa1  1-0

[Event "Melbourne Masters"]
[Site "Melbourne"]
[Date "1990.??.??"]
[Round "7"]
[White "Johansen, Darryl K"]
[Black "Levi, Eddy"]
[Result "1-0"]
[WhiteElo "2420"]
[BlackElo "2310"]

1.d4 Nf6 2.Nf3 g6 3.c4 Bg7 4.Nc3 O-O 5.e4 d6 6.Be2 e5 7.Be3 Ng4 8.Bg5 f6
9.Bh4 Nc6 10.d5 Ne7 11.Nd2 Nh6 12.f3 c5 13.dxc6 bxc6 14.b4 Be6 15.Nb3 Bf7
16.Bf2 d5 17.O-O d4 18.Na4 f5 19.Bh4 Be8 20.Nac5 Bf6 21.Bxf6 Rxf6 22.f4 fxe4
23.fxe5 Rxf1+ 24.Qxf1 Nef5 25.Nxe4 Qe7 26.Qf4 Nf7 27.g4 d3 28.gxf5 dxe2 29.e6 Rd8
30.exf7+ Bxf7 31.Re1 Bxc4 32.Nf6+ Kg7 33.Ng4 Qf7 34.Qe5+ Kf8 35.Qh8+ Qg8
36.Qf6+ Ke8 37.Qxc6+ Kf8 38.Qc5+ Kg7 39.Qe7+  1-0

[Event "Metz op"]
[Site "Metz"]
[Date "1990.??.??"]
[Round "6"]
[White "Legky, Nikolay A"]
[Black "Pytel, Krzysztof"]
[Result "1/2-1/2"]
[WhiteElo "2455"]
[BlackElo "2400"]

1.d4 Nf6 2.c4 g6 3.Nc3 Bg7 4.e4 d6 5.Be2 O-O 6.Nf3 e5 7.O-O Nbd7 8.Qc2 c6
9.Rd1 Qe7 10.d5 c5 11.a3 Ne8 12.g3 Kh8 13.b4 b6 14.Rb1 Ndf6 15.bxc5 dxc5
16.Kg2 Nd6 17.Bd3 Bg4 18.h3 Bd7 19.a4 Nh5 20.Re1 Rae8 21.g4 Nf6 22.Nh2 Ng8
23.a5 Qd8 24.axb6 axb6 25.f4 f5 26.exf5 gxf5 27.fxe5 Rxe5 28.Bf4 Rxe1 29.Rxe1 Qf6
30.g5 Qg6 31.Nf3 Ne4 32.Ne5 Qe8 33.Bxe4 fxe4 34.Qxe4 Bf5 35.Qe3 Qh5 36.d6 h6
37.d7 hxg5 38.Bxg5 Nf6 39.Rd1 Nxd7 40.Nxd7 Bxh3+ 41.Qxh3 Rf2+ 42.Kxf2 Qxh3
43.Ne2 Qf5+ 44.Bf4 Bd4+ 45.Nxd4 Qxf4+ 46.Nf3 Qxc4 47.Rh1+ Kg7 48.Rg1+ Kh8
49.Rg5 Qf4  1/2-1/2